000 00784cam a22002653a 4500
001 33207
003 PGUSA
005 20140828083722.0
008 100720s2010||||xxu|||||s|||||000 1 eng d
040 _aPGUSA
_beng
042 _adc
050 4 _aPS
100 1 _aSaltus, Edgar,
_d1855-1921
245 1 4 _aThe Perfume of Eros :
_bA Fifth Avenue Incident
_h[electronic resource] /
_cEdgar Saltus
260 _bProject Gutenberg,
_c2010
506 _aPublic domain in the USA.
516 _aElectronic text
653 _aTrials (Murder) -- Fiction
653 _aMan-woman relationships -- Fiction
653 _aNew York (N.Y.) -- Fiction
653 _aMurder -- Fiction
830 0 _aProject Gutenberg
_v33207
856 4 0 _uhttp://www.gutenberg.org/ebooks/33207
942 _cEB
999 _c262462
_d262462